000 00327nam a2200145Ia 4500
008 230718s9999 xx 000 0 und d
041 _aEng.
082 _a400
_bLEA-A
100 _alearing media
245 0 _aAccounting
260 _aPakistan
_bPeasson Prentice Heat
_c2003
300 _a765
650 _aLaw
999 _c27344
_d27344